000 00785nam a2200289Ia 4500
005 20260324115841.0
008 008 260324s9999 xx 000 0 eng d
020 _a9781315315249
037 _aEBOOK
040 _aCRL
040 _beng
040 _cCRL
041 _2eng
041 _aeng
084 _qCRL
100 _aFrank Wuttke; Sebastian Bauer; Marcelo Sanchez
_91156251
245 0 _aEnergy Geotechnics
245 0 _bProceedings of the 1st International Conference on Energy Geotechnics, ICEGT 2016, Kiel, Germany, 29-31 August 2016
260 _bTaylor and Francis
260 _c2016
365 _a
365 _b520
856 _uhttp://www.taylorfrancis.com/books/9781315315249
942 _cEBOOK
999 _c1747434
_d1747434